000 00607cam a2200181 i 4500
005 20251110101006.0
008 250721s2012 ua gr 000 0 ara d
082 1 4 _a155.5
_bن ص ر
100 1 _aنصر، ياسر
_eمؤلف.
245 1 0 _aبيت العنكبوت بيتنا /
_cتأليف د. ياسر نصر.
250 _aالطبعة الأولى.
264 3 1 _aالقاهرة :
_bدار ابن الجوزي للنشر و التوزيع،
_c2012.
300 _a448 صفحة.
650 1 7 _aعلم النفس.
650 1 7 _aالمراهقة.
942 _2ddc
_cBK
999 _c19685
_d19685